Legítima y sucesión intestada (Record no. 135806)
[ view plain ]
| 000 -LEADER | |
|---|---|
| fixed length control field | 00611cam a2200193 4500 |
| 005 - DATE AND TIME OF LATEST TRANSACTION | |
| control field | 20251009083420.0 |
| 008 - FIXED-LENGTH DATA ELEMENTS--GENERAL INFORMATION | |
| fixed length control field | 251009b ag |||||||| |||| 00| 0 spa d |
| 020 ## - INTERNATIONAL STANDARD BOOK NUMBER | |
| International Standard Book Number | 9500080222 |
| 050 04 - LIBRARY OF CONGRESS CALL NUMBER | |
| Classification number | KHA701 |
| Item number | C34 1982 |
| 100 1# - MAIN ENTRY--PERSONAL NAME | |
| Personal name | Cafferata, José Ignacio |
| 245 10 - TITLE STATEMENT | |
| Title | Legítima y sucesión intestada |
| Statement of responsibility, etc | / José Ignacio Caffetara |
| 250 ## - EDITION STATEMENT | |
| Edition statement | 1a ed. |
| 260 ## - PUBLICATION, DISTRIBUTION, ETC. (IMPRINT) | |
| Place of publication, distribution, etc | Buenos Aires : |
| Name of publisher, distributor, etc | Astrea de Alfredo y Ricardo Depalma, |
| Date of publication, distribution, etc | 1982 |
| 300 ## - PHYSICAL DESCRIPTION | |
| Extent | 135 p. ; |
| Dimensions | 19 cm. |
| 490 0# - SERIES STATEMENT | |
| Series statement | Ensayos jurídicos ; |
| Volume number/sequential designation | 28 |
| 504 ## - BIBLIOGRAPHY, ETC. NOTE | |
| Bibliography, etc | Bibliografía : p. 133-135 |
| 650 #7 - SUBJECT ADDED ENTRY--TOPICAL TERM | |
| Source of heading or term | lemb |
| Topical term or geographic name as entry element | Derecho sucesorio |
| General subdivision | Argentina |
| 942 ## - ADDED ENTRY ELEMENTS (KOHA) | |
| Source of classification or shelving scheme | Biblioteca del Cogreso de los Estados Unidos |
| Koha item type | Libro |
| Estado de pérdida | Fuente de clasificación | Estado del daño | No para préstamo | Ubicación permanente | Ubicación actual | Apartado o colección | Fecha de adquisición | Edición | Área del conocimiento | Clasificación | Código de Barras | Date last seen | Número de copia | Costo por reposición | Tipo de recurso |
|---|---|---|---|---|---|---|---|---|---|---|---|---|---|---|---|
| Biblioteca del Cogreso de los Estados Unidos | Biblioteca de la Facultad de Derecho y Ciencias Sociales "Felipe J. Tena" | Biblioteca de la Facultad de Derecho y Ciencias Sociales "Felipe J. Tena" | General | 18/02/2020 | 1a ed. | Ciencias Sociales y Administrativas | KHA701 C34 1982 | BFD000012197 | 18/02/2020 | 1 | 1.00 | Libro |